Encanto Quiz - Statistics

General Stats
  • This quiz has been taken 71 times
  • The average score is 13 of 15
Answer Stats
Question Answer % Correct
How many children does Abuela have? 3
100%
What is their home called? Casita
100%
Who in Encanto has a love, but they don't realise it? Dolores
100%
Who is seen as, "Perfect" ? Isabela
100%
Who was blessed with the power of healing? Julieta
100%
From a different musical, helped make Encanto? Lin Manuel Miranda
100%
Who says the line: " I'm the strong one, i'm not nervous, i'm as tough as the crust of the earth is. " Luisa
100%
Who out of all these characters, did not get a song? Pepa
100%
Who is the best character in Encanto? They are all equal!
100%
Who says " I.. think it's everyone in town! " (in the song all of you) Antonio
89%
Who sings: " What else can I do? " Isabela
89%
Who transforms after being put up as perfect? (alternate character) Isabela
89%
Who knows that Bruno is hiding in the walls? Dolores
78%
Why did Mirabel not get a gift? Nobody really knows, atleast I don't think?...
44%
Who is the antagonist in Encanto? Mirabel
0%
No matching quizzes found
Score Distribution
Percent of People with Each Score
Percentile by Number Answered
Your Score History
You have not taken this quiz